000 00196 a2200097 4500
001 10284
100 _aArlott, J
245 _aCriecket on trial
260 _a
_bHeinemann
_c
090 _c7944
_d7944
942 _aNUST-CAE
_cM
_c34649
999 _c245357
_d245357